Nové nástroje soukromého prosazování soutěžního práva

Skúmanie, aké dopady má na prax súkromného presadzovania súťažného práva v Českej republike nový zákon o náhrade škody v oblasti hospodárskej súťaže. Kvantitatívna časť článku je založená predovšetkým na odpovediach súdu, ktoré boli oslovené.

Guardado en:
Detalles Bibliográficos
Autor principal: Petr, Michal
Otros Autores: Zorková, Eva
Formato: Capítulo de libro
Lenguaje:checo
Materias:
Etiquetas: Agregar Etiqueta
Sin Etiquetas, Sea el primero en etiquetar este registro!

MARC

LEADER 00000naa a2200000 4500
001 0242613
005 20180511081634.3
041 0 |a cze 
044 |a CZ 
245 1 0 |a Nové nástroje soukromého prosazování soutěžního práva  |c Michal Petr, Eva Zorková 
520 |a Skúmanie, aké dopady má na prax súkromného presadzovania súťažného práva v Českej republike nový zákon o náhrade škody v oblasti hospodárskej súťaže. Kvantitatívna časť článku je založená predovšetkým na odpovediach súdu, ktoré boli oslovené. 
610 2 0 |a právo súťažné 
610 2 0 |a Česko 
610 2 0 |a právo 
610 2 0 |a súťaž hospodárska 
610 2 0 |a súťaž nekalá 
610 2 0 |a zákony 
610 2 0 |a náhrada škody 
610 2 0 |a súdy 
100 1 |a Petr, Michal 
700 1 |a Zorková, Eva